000 00902cam a2200289 a 4500
001 4419199
003 ARRUPE
005 20141006131737.0
008 960418s1996 nyu b 001 0 eng
010 _a95048246
020 _a1570750696 (alk. paper)
035 _a(OCoLC)34029331
035 _a(OCoLC)ocm34029331
035 _a(NNC)4419199
040 _aDLC
_cDLC
_dCBGTU
_dNNUT
050 _aBV4011
_b.S865 1996
100 1 _aStone, Bryan P.,
_d1959-
_912073
245 1 0 _aCompassionate ministry :
_btheological foundations /
_cBryan P. Stone
260 _aMaryknoll, NY :
_bOrbis Books,
_cc1996
300 _a168 p. ;
_c23 cm
504 _aIncludes bibliographical references (p. 161-164) and index
650 0 _aPastoral theology.
_9322
650 0 _aLiberation theology.
_912074
650 0 _aCaring
_xReligious aspects
_xChristianity.
_93147
942 _2lcc
_cMONOGRAPH
999 _c121088
_d121088